[Event "Max Euwe Memorial - Open A"]
[Site "SchemingMind.com"]
[Date "2013.04.27"]
[Round "-"]
[White "MazetaFighter"]
[Black "Juan Jose Rivas Maceda"]
[Result "0-1"]
[WhiteCountry "GRE"]
[BlackCountry "PER"]
[WhiteElo "1983"]
[WhiteRD "66"]
[BlackElo "2380"]
[BlackRD "85"]
[GameID "330986"]

1. e4 c5 2. Nf3 Nc6 3. Bb5 Nf6 4. Bxc6 dxc6 5. d3 Bg4 6. h3 Bxf3 7. Qxf3 g6 8. Nc3 Bg7 9. Bd2 Nd7 10. O-O-O b5
11. g4 Qb6 12. h4 c4 13. dxc4 Ne5 14. Qe3 Nxc4 15. Qxb6 axb6
0-1

[Event "Max Euwe Memorial - Open A"]
[Site "SchemingMind.com"]
[Date "2013.04.27"]
[Round "-"]
[White "MazetaFighter"]
[Black "BlueMooner"]
[Result "1/2-1/2"]
[WhiteCountry "GRE"]
[BlackCountry "ENG"]
[WhiteElo "1983"]
[WhiteRD "66"]
[BlackElo "1924"]
[BlackRD "90"]
[GameID "330987"]

1. e4 c5 2. Nf3 g6 3. d4 cxd4 4. Nxd4 Nc6 5. c4 Bg7 6. Be3 Nf6 7. Nc3 O-O 8. Be2 d6 9. O-O Nxd4 10. Bxd4 a5
11. Qd2 Bd7 12. b3 Bc6 13. f3 Nd7 14. Be3 Nc5 15. Rab1 a4 16. b4 Ne6 17. b5 Bd7 18. Nd5 Nc5 19. b6 Bc6 20. Nc7 Rc8
21. Rfd1 a3 22. Bxc5=
1/2-1/2

[Event "Max Euwe Memorial - Open A"]
[Site "SchemingMind.com"]
[Date "2013.04.27"]
[Round "-"]
[White "MazetaFighter"]
[Black "GBEDARD"]
[Result "0-1"]
[WhiteCountry "GRE"]
[BlackCountry "USA"]
[WhiteElo "1983"]
[WhiteRD "66"]
[BlackElo "2307"]
[BlackRD "63"]
[GameID "330988"]

1. e4 g6 2. d4 Bg7 3. c3 d6 4. Bg5 a6 5. Nd2 Nf6 6. Ngf3 c5 7. a4 cxd4 8. Nxd4 h6 9. Bh4 O-O 10. Be2 Nc6
11. Nxc6 bxc6 12. Qc2 Qd7 13. O-O c5 14. Nc4 Rb8 15. a5 Qc6 16. Bf3 Qc7 17. Bg3 Be6 18. Nb6 Nd7 19. Nxd7 Bxd7 20. Rfd1 Be6
21. Qe2 Rb5
0-1

[Event "Max Euwe Memorial - Open A"]
[Site "SchemingMind.com"]
[Date "2013.04.28"]
[Round "-"]
[White "MazetaFighter"]
[Black "miriskra"]
[Result "1/2-1/2"]
[WhiteCountry "GRE"]
[BlackCountry "WLS"]
[WhiteElo "1989"]
[WhiteRD "71"]
[BlackElo "1891"]
[BlackRD "74"]
[GameID "330989"]

1. e4 e6 2. d4 d5 3. Nd2 dxe4 4. Nxe4 Nd7 5. Nf3 Ngf6 6. Nxf6+ Nxf6 7. Bc4 c5 8. O-O Bd7 9. Qe2 Bc6 10. dxc5 Bxc5
11. Bg5 Qc7 12. Rad1 O-O 13. Ne5 Bd6 14. Nxc6 bxc6 15. h3 Nd5 16. Bd3 Nf4 17. Bxf4 Bxf4 18. Qe4 g6 19. Rfe1 Bh6 20. b3 Bg7
21. h4 a5 22. h5 a4 23. hxg6 hxg6 24. Qg4 axb3 25. axb3 Ra5 26. Bxg6 fxg6 27. Qxg6 e5 28. Qe6+ Qf7 29. Qxf7+ Rxf7 30. Rd8+ Kh7
31. Rd6 Rc5 32. c4 Rb7 33. Re3 Kg8 34. Kf1 Bf8 35. Rf6 Rf7 36. Rg3+ Bg7 37. Rd6 Kf8 38. Rgg6=
1/2-1/2

[Event "Max Euwe Memorial - Open A"]
[Site "SchemingMind.com"]
[Date "2013.04.27"]
[Round "-"]
[White "MazetaFighter"]
[Black "Olli Ylönen"]
[Result "1-0"]
[WhiteCountry "GRE"]
[BlackCountry "FIN"]
[WhiteElo "2019"]
[WhiteRD "70"]
[BlackElo "1847"]
[BlackRD "59"]
[GameID "330990"]

1. e4 c5 2. Nf3 d6 3. d4 cxd4 4. Nxd4 Nf6 5. Nc3 g6 6. Be3 Bg7 7. f3 O-O 8. Qd2 Nc6 9. O-O-O d5 10. exd5 Nxd5
11. Nxc6 bxc6 12. Bd4 e5 13. Bc5 Be6 14. Ne4 Re8 15. h4 h6 16. g4 Nf4 17. Qc3 Bd5 18. h5 g5 19. Qa3 Qc7 20. Nd6 Red8
21. Nf5 e4 22. Be7 exf3 23. Bxd8 Rxd8 24. Ne7+ Kh8 25. Nxd5 Rxd5 26. Rxd5 cxd5 27. Qxf3 Qa5 28. Bd3 Qxa2 29. c3 a5 30. Re1 Nxd3+
31. Qxd3 Qa1+ 32. Qb1 Qa4 33. Qc2 Qf4+ 34. Kb1 Qb8 35. Qa4 Kh7 36. Re7 Bxc3 37. Qc2+
1-0

[Event "Max Euwe Memorial - Open A"]
[Site "SchemingMind.com"]
[Date "2013.04.27"]
[Round "-"]
[White "MazetaFighter"]
[Black "Stauffenberg"]
[Result "0-1"]
[WhiteCountry "GRE"]
[BlackCountry "ITA"]
[WhiteElo "1966"]
[WhiteRD "71"]
[BlackElo "1918"]
[BlackRD "92"]
[GameID "330991"]

1. e4 c5 2. Nf3 d6 3. d4 cxd4 4. Nxd4 Nf6 5. Nc3 a6 6. Bc4 e6 7. Bb3 b5 8. O-O Be7 9. Qf3 Qc7 10. Re1 Bb7
11. Bxe6 fxe6 12. Nxe6 Qc4 13. Nxg7+ Kd8 14. Bg5 Nbd7 15. Qf5 Rg8 16. Ne6+ Ke8 17. Rad1 Kf7 18. Rd4 Qxe6
0-1

[Event "Max Euwe Memorial - Open A"]
[Site "SchemingMind.com"]
[Date "2013.04.27"]
[Round "-"]
[White "Juan Jose Rivas Maceda"]
[Black "MazetaFighter"]
[Result "1-0"]
[WhiteCountry "PER"]
[BlackCountry "GRE"]
[WhiteElo "2398"]
[WhiteRD "93"]
[BlackElo "1989"]
[BlackRD "71"]
[GameID "330992"]

1. e4 e5 2. Nf3 Nc6 3. Bb5 a6 4. Ba4 Nf6 5. O-O Be7 6. Re1 b5 7. Bb3 d6 8. c3 O-O 9. d4 Bg4 10. Be3 exd4
11. cxd4 Na5 12. Bc2 c5 13. h3 Bh5 14. g4 Bg6 15. Nbd2 Nd7 16. d5 Bf6 17. Rb1 Re8 18. h4 h5 19. g5 Be5 20. Bd3 Nb7
21. Nxe5 Nxe5 22. Be2 Nc4 23. Bxh5 Nxd2 24. Bxd2 Bxe4 25. Rxe4 Rxe4 26. Bxf7+ Kxf7 27. Qf3+ Kg8 28. Qxe4 Qe8 29. Re1 Qxe4 30. Rxe4 Kf7
31. h5 Re8 32. g6+ Kf8 33. Rf4+ Kg8 34. Rf7
1-0

[Event "Max Euwe Memorial - Open A"]
[Site "SchemingMind.com"]
[Date "2013.04.28"]
[Round "-"]
[White "BlueMooner"]
[Black "MazetaFighter"]
[Result "0-1"]
[WhiteCountry "ENG"]
[BlackCountry "GRE"]
[WhiteElo "1924"]
[WhiteRD "90"]
[BlackElo "1983"]
[BlackRD "66"]
[GameID "330993"]

1. e4 e5 2. Nf3 Nc6 3. Bc4 Bc5 4. c3 Nf6 5. d3 a6 6. Nbd2 O-O 7. O-O Ba7 8. h3 d6 9. Re1 Na5 10. Bb3 Nxb3
11. axb3 h6 12. Nf1 Be6 13. Ng3 Qd7 14. Nh4 Bxh3 15. Ngf5 Bg4 16. Qd2 Bxf5 17. Nxf5 Ng4 18. d4 exd4 19. cxd4 Qe6 20. f3 Ne5
21. Qc3 Nc6 22. Be3 Qf6 23. Kf2 Rfe8 24. Rh1 d5 25. Nxh6+ gxh6 26. Rxh6 Qxh6 27. Bxh6 Bxd4+ 28. Qxd4 Nxd4
0-1

[Event "Max Euwe Memorial - Open A"]
[Site "SchemingMind.com"]
[Date "2013.04.28"]
[Round "-"]
[White "GBEDARD"]
[Black "MazetaFighter"]
[Result "1-0"]
[WhiteCountry "USA"]
[BlackCountry "GRE"]
[WhiteElo "2196"]
[WhiteRD "66"]
[BlackElo "1989"]
[BlackRD "71"]
[GameID "330994"]

1. e4 e5 2. Nf3 Nc6 3. Bb5 a6 4. Ba4 Nf6 5. O-O Be7 6. Re1 b5 7. Bb3 d6 8. c3 O-O 9. h3 Na5 10. Bc2 c5
11. d4 Qc7 12. Nbd2 cxd4 13. cxd4 Nc6 14. Nb3 a5 15. Be3 a4 16. Nbd2 Bd7 17. Rc1 Qb7 18. Qe2 Rfe8 19. Bd3 Rab8 20. d5 Nb4
21. Bb1 Bd8 22. a3 Na6 23. Bd3 h6 24. b4 axb3 25. Nxb3 Bb6 26. Red1 Bxe3 27. Qxe3 Rec8 28. Rxc8+ Rxc8 29. Rb1 Rc3 30. Qd2 Qc7
31. Ne1 Nh5 32. Qb2 Nf4 33. Bf1 f5 34. Nd2 Qc5 35. a4 Nc7 36. axb5 Rg3 37. exf5 Bxf5 38. b6 Nxh3+ 39. Kh2 Qxf2 40. Ndf3
1-0

[Event "Max Euwe Memorial - Open A"]
[Site "SchemingMind.com"]
[Date "2013.04.28"]
[Round "-"]
[White "miriskra"]
[Black "MazetaFighter"]
[Result "0-1"]
[WhiteCountry "WLS"]
[BlackCountry "GRE"]
[WhiteElo "1891"]
[WhiteRD "74"]
[BlackElo "1989"]
[BlackRD "71"]
[GameID "330995"]

1. d4 d5 2. Nf3 Nf6 3. c4 c6 4. cxd5 cxd5 5. Nc3 Nc6 6. Bf4 a6 7. e3 Bg4 8. Be2 e6 9. O-O Be7 10. Re1 O-O
11. h3 Bf5 12. Nh4 b5 13. Nxf5 exf5 14. f3 Bd6 15. Bg5 h6 16. Bxf6 Qxf6 17. Nxd5 Qe6 18. e4 fxe4 19. fxe4 Qxe4 20. Bf3 Qxd4+
21. Qxd4 Nxd4 22. Be4 Rac8 23. Rad1 Bc5 24. Kh1 Ne6 25. b4 Bf2 26. Re2 Bh4 27. Bf5 Rce8 28. Bxe6 Rxe6 29. Rxe6 fxe6 30. Nc7 e5
31. Nxa6 e4 32. Kh2 e3 33. g3 e2
0-1

[Event "Max Euwe Memorial - Open A"]
[Site "SchemingMind.com"]
[Date "2013.04.27"]
[Round "-"]
[White "Olli Ylönen"]
[Black "MazetaFighter"]
[Result "0-1"]
[WhiteCountry "FIN"]
[BlackCountry "GRE"]
[WhiteElo "1826"]
[WhiteRD "61"]
[BlackElo "1989"]
[BlackRD "71"]
[GameID "330996"]

1. d4 d5 2. c4 e6 3. cxd5 exd5 4. Nc3 Nf6 5. Bg5 c6 6. e3 Be7 7. Bd3 Qb6 8. Qc2 Bg4 9. h3 Bh5 10. Bxf6 Bxf6
11. g4 Bg6 12. Bxg6 hxg6 13. a4 Nd7 14. Nf3 a5 15. g5 Be7 16. h4 Bb4 17. O-O-O Bxc3 18. bxc3 Qc7 19. Nd2 Rc8 20. e4 Qf4
21. exd5 cxd5 22. Rde1+ Kf8 23. Re3 Rxh4 24. Rxh4 Qxh4 25. Rg3 Qh1+ 26. Kb2 Qe1 27. Rf3 Qe6 28. Nf1 Nb6 29. Kb3 Nc4 30. Ng3 Qd6
31. Ka2 Rc6 32. Rd3 Qa3+
0-1

[Event "Max Euwe Memorial - Open A"]
[Site "SchemingMind.com"]
[Date "2013.04.27"]
[Round "-"]
[White "Stauffenberg"]
[Black "MazetaFighter"]
[Result "0-1"]
[WhiteCountry "ITA"]
[BlackCountry "GRE"]
[WhiteElo "1810"]
[WhiteRD "80"]
[BlackElo "2019"]
[BlackRD "70"]
[GameID "330997"]

1. d4 Nf6 2. c4 e6 3. Nc3 d5 4. Nf3 Nbd7 5. Bg5 c6 6. e3 Qa5 7. cxd5 exd5 8. Bd3 Ne4 9. Qc2 Nxg5 10. Nxg5 h6
11. Nf3 Bd6 12. O-O Nf6 13. h3 O-O 14. Rfe1 Re8 15. a3 Bd7 16. Rac1 b5 17. e4 dxe4 18. Nxe4 Nxe4= 19. Bxe4 Rac8 20. b4 Qxa3
21. Ra1 Qxb4 22. Rxa7 Bf5 23. Qa2 Be6 24. Qc2 Bd5 25. Bh7+ Kh8 26. Rxe8+ Rxe8 27. Bd3 g6
0-1

[Event "Max Euwe Memorial - Open A"]
[Site "SchemingMind.com"]
[Date "2013.04.28"]
[Round "-"]
[White "fbiancal"]
[Black "Juan Jose Rivas Maceda"]
[Result "0-1"]
[WhiteCountry "SCO"]
[BlackCountry "PER"]
[WhiteElo "1819"]
[WhiteRD "78"]
[BlackElo "2380"]
[BlackRD "85"]
[GameID "331014"]

1. d4 Nf6 2. c4 e6 3. Nf3 b6 4. a3 Bb7 5. Nc3 d5 6. cxd5 Nxd5 7. Qc2 Nxc3 8. bxc3 Be7 9. e4 O-O 10. Bd3 c5
11. O-O Qc7 12. Qe2 Nd7 13. Rd1 Rfd8
0-1

[Event "Max Euwe Memorial - Open A"]
[Site "SchemingMind.com"]
[Date "2013.04.28"]
[Round "-"]
[White "fbiancal"]
[Black "GBEDARD"]
[Result "0-1"]
[WhiteCountry "SCO"]
[BlackCountry "USA"]
[WhiteElo "1819"]
[WhiteRD "78"]
[BlackElo "2307"]
[BlackRD "63"]
[GameID "331017"]

1. e4 g6 2. d4 Bg7 3. Nc3 d6 4. g3 Nf6 5. Bg2 O-O 6. Nge2 Nbd7 7. h3 c5 8. Be3 cxd4 9. Bxd4 Nb6 10. O-O Bd7
11. f4 Nc4 12. b3 Na5 13. e5 dxe5 14. fxe5 Ne8 15. Nf4 Nc6 16. Re1 Nc7 17. Qd2 Ne6
0-1

[Event "Max Euwe Memorial - Open A"]
[Site "SchemingMind.com"]
[Date "2013.04.28"]
[Round "-"]
[White "fbiancal"]
[Black "miriskra"]
[Result "0-1"]
[WhiteCountry "SCO"]
[BlackCountry "WLS"]
[WhiteElo "1819"]
[WhiteRD "78"]
[BlackElo "1911"]
[BlackRD "71"]
[GameID "331018"]

1. e4 e6 2. d4 d5 3. Nd2 c5 4. exd5 Qxd5 5. Ngf3 cxd4 6. Bc4 Qd6 7. O-O Nc6 8. Nb3 Nf6 9. Nbxd4 a6 10. Re1 Nxd4
11. Nxd4 Be7 12. c3 O-O 13. Qf3 Qc7 14. Bb3 Bd7 15. Bg5 Rfe8 16. Rad1 e5
0-1

[Event "Max Euwe Memorial - Open A"]
[Site "SchemingMind.com"]
[Date "2013.04.28"]
[Round "-"]
[White "Juan Jose Rivas Maceda"]
[Black "fbiancal"]
[Result "1-0"]
[WhiteCountry "PER"]
[BlackCountry "SCO"]
[WhiteElo "2380"]
[WhiteRD "85"]
[BlackElo "1819"]
[BlackRD "78"]
[GameID "331021"]

1. e4 e6 2. d4 d5 3. Nc3 Bb4 4. e5 c5 5. a3 Bxc3+ 6. bxc3 Qa5 7. Bd2 Qa4 8. Qb1 c4 9. h4 Nc6 10. h5 h6
11. g3 Bd7 12. Ne2 O-O-O 13. Nf4 Nge7 14. Bh3
1-0

[Event "Max Euwe Memorial - Open A"]
[Site "SchemingMind.com"]
[Date "2013.04.28"]
[Round "-"]
[White "MazetaFighter"]
[Black "fbiancal"]
[Result "1-0"]
[WhiteCountry "GRE"]
[BlackCountry "SCO"]
[WhiteElo "1983"]
[WhiteRD "66"]
[BlackElo "1819"]
[BlackRD "78"]
[GameID "331023"]

1. c4 e5 2. Nc3 Nf6 3. Nf3 Nc6 4. g3 Bc5 5. Nxe5 Nxe5 6. d4 Qe7 7. dxe5 Qxe5 8. Bf4 Qd4 9. Qxd4 Bxd4 10. Bxc7 Ng4
11. e3
1-0

[Event "Max Euwe Memorial - Open A"]
[Site "SchemingMind.com"]
[Date "2013.04.28"]
[Round "-"]
[White "GBEDARD"]
[Black "fbiancal"]
[Result "1-0"]
[WhiteCountry "USA"]
[BlackCountry "SCO"]
[WhiteElo "2307"]
[WhiteRD "63"]
[BlackElo "1819"]
[BlackRD "78"]
[GameID "331024"]

1. e4 e6 2. d4 d5 3. Nc3 Bb4 4. e5 c5 5. a3 Bxc3+ 6. bxc3 Qa5 7. Bd2 Qa4 8. Qb1 c4 9. Ne2 Nc6 10. g3 Nge7
11. Bh3 Bd7 12. Nf4 O-O-O 13. Bg4 g6 14. O-O h5 15. Bf3 g5 16. Nxh5
1-0

[Event "Max Euwe Memorial - Open A"]
[Site "SchemingMind.com"]
[Date "2013.04.28"]
[Round "-"]
[White "miriskra"]
[Black "fbiancal"]
[Result "1-0"]
[WhiteCountry "WLS"]
[BlackCountry "SCO"]
[WhiteElo "1911"]
[WhiteRD "71"]
[BlackElo "1819"]
[BlackRD "78"]
[GameID "331025"]

1. d4 Nf6 2. c4 Nc6 3. Nf3 e6 4. g3 Bb4+ 5. Bd2 a5 6. Bg2 O-O 7. a3 Bxd2+ 8. Qxd2 d6 9. Nc3 Qe7 10. O-O e5
11. d5 Nb8 12. e4 a4 13. Qc2 Bd7 14. Rfe1 Ne8 15. Bf1 f5 16. Bg2
1-0